Inversiones en territorios con regímenes fiscales preferentes (Record no. 12930)

MARC details
000 -LEADER
fixed length control field 00637nam a22001817a 4500
005 - DATE AND TIME OF LATEST TRANSACTION
control field 20230616130308.0
008 - FIXED-LENGTH DATA ELEMENTS--GENERAL INFORMATION
fixed length control field 111011t mx ||||| |||| 00| 0 spa d
020 ## - INTERNATIONAL STANDARD BOOK NUMBER
International Standard Book Number 9702801109
050 04 - LIBRARY OF CONGRESS CALL NUMBER
Classification number HG5162
Item number C37 2002
100 1# - MAIN ENTRY--PERSONAL NAME
Personal name Casaña Esperón, Carlos
Relator term autor
245 10 - TITLE STATEMENT
Title Inversiones en territorios con regímenes fiscales preferentes
Statement of responsibility, etc / Carlos Casaña Esperón.
250 ## - EDITION STATEMENT
Edition statement 1a ed.
260 ## - PUBLICATION, DISTRIBUTION, ETC. (IMPRINT)
Place of publication, distribution, etc México :
Name of publisher, distributor, etc Academia de Estudios Fiscales de la Contaduría Pública,
Date of publication, distribution, etc 2002
300 ## - PHYSICAL DESCRIPTION
Extent vii, 35 p. ;
Dimensions 23 cm.
490 0# - SERIES STATEMENT
Series statement Colección Estudios físcales académicos
Volume number/sequential designation no. 11
650 #7 - SUBJECT ADDED ENTRY--TOPICAL TERM
Source of heading or term lemb
Topical term or geographic name as entry element Finanzas
Geographic subdivision México
942 ## - ADDED ENTRY ELEMENTS (KOHA)
Source of classification or shelving scheme Biblioteca del Cogreso de los Estados Unidos
Koha item type Libro
Holdings
Estado de pérdida Fuente de clasificación Estado del daño No para préstamo Ubicación permanente Ubicación actual Apartado o colección Fecha de adquisición Fuente de adquisición Edición Dependencia de educación superior (DES) Área del conocimiento Clasificación Código de Barras Date last seen Número de copia Costo por reposición Tipo de recurso
  Biblioteca del Cogreso de los Estados Unidos   Consulta Biblioteca de la Facultad de Contaduría y Ciencias Administrativas Biblioteca de la Facultad de Contaduría y Ciencias Administrativas General 11/10/2011 Unidad Académica 1a ed. Ciencias Económico Administrativas Ciencias Sociales y Administrativas HG5162 C37 2002 BCCA000006604 16/01/2015 C:1 100.00 Libro